Benny Safdie Filmography - Statistics

General Stats
  • This quiz has been taken 22 times
  • The average score is 9 of 41
Answer Stats
Type Year Name % Correct
Director 2019 Uncut Gems
77%
Film 2017 Good Time
69%
Director 2025 The Smashing Machine
69%
Film 2023 Oppenheimer
54%
Director 2009 Daddy Longlegs
46%
TV Show 2023-2024 The Curse
46%
Director 2014 Heaven Knows What
38%
Film 2021 Licorice Pizza
38%
Short Film 2020 Goldman v Silverman
31%
Short Film 2006 I Think I'm Missing Parts
31%
Short Film 2004 Alberto Lives in a Bathroom
23%
Film 2025 Happy Gilmore 2
23%
Short Film 2006 If You See Something, Say Something
23%
Short Film 2007 John's Lonely Trip to Coney Island
23%
Short Film 2006 The Ralph Handel Story
23%
Film 2023 Are You There God? It's Me, Margaret.
15%
Director TBA Lizard Music
15%
Web Mini-Series 2022 Obi-Wan Kenobi
15%
Film 2020 Pieces of a Woman
15%
Director 2011 Straight Hustle
15%
Film 2026 The Odyssey
15%
Short Film 2008 The Story of Charles Riverbank
15%
Film 2008 Yeast
15%
Director 2011 Buttons
8%
Short Film 2010 John's Gone
8%
Short Film 2009 La Corsa
8%
Director 2013 Lenny Cooke
8%
Director 2020 Lost But Never Alone
8%
Director 2017 Marcy Me
8%
Film 2017 Person to Person
8%
Short Film 2012 Solid Gold
8%
Film 2022 Stars at Noon
8%
Short Film 2008 The Acquaintances of a a Lonely John
8%
Director 2005 The Adventures of Slaters's Friends
8%
Director 2012 The Black Balloon
8%
TV Show 2010 The Neistat Brothers
8%
Music Video 2017 The Pure and the Damned
8%
Short Film 2008 There's Nothing You Can Do
8%
Director 2012 The Trophy Hunter
8%
TV Show 2016 Togetherness
8%
Short Film 2010 Why? (This Movie Exists)
8%
No matching quizzes found
Score Distribution
Percent of People with Each Score
Percentile by Number Answered
Your Score History
You have not taken this quiz